000
00315nam a2200133Ia 4500
008
240624s9999 xx 000 0 und d
041
_a
eng
082
_a
305.42 SAL
100
_a
SALIH SARA
245
_a
JUDITH BUTLER
260
_c
2015
_a
New Delhi
_b
Routledge
300
_a
xiv, 177 p.; 19 cm.
365
_c
RS
_b
31
999
_c
29548
_d
29548